000 00493nam a22001817a 4500
003 3228
005 20260602113934.0
008 260602b sa ||||| |||| 00| 0 eng d
020 _a9781868978854
_qhbk
040 _aRDA
_c3228
082 0 _aTSO KF WEBE
100 _aWeber, Linda
245 _aJasper: ku tiphina ephakeni, maritofularha
_cMeyer, Nico
260 _aPretoria
_bClever Books
_c2006
300 _a07 Pages
_bColour illustrations
_c15 cm
521 _aAdult
942 _2ddc
_cBOOK
_w470
_xPatience Mbowane
_y470
_zPatience Mbowane
999 _c799392
_d799391